书目信息 |
| 题名: |
人体解剖彩色图谱
|
|
| 作者: | 郭光文 , 王序 主编 | |
| 分册: | ||
| 出版信息: | 北京 人民卫生出版社 1986.12 |
|
| 页数: | 264页 | |
| 开本: | 26cm | |
| 丛书名: | ||
| 单 册: | ||
| 中图分类: | R322-64 | |
| 科图分类: | ||
| 主题词: | 人体解剖学--图谱 | |
| 电子资源: | ||
| ISBN: | 7-117-00729-X | |
| 000 | 00652nam0 2200217 45 | |
| 001 | 0501060905 | |
| 005 | 20050106095438.7 | |
| 010 | @a7-117-00729-X@b精装@dCNY42.00 | |
| 100 | @a20050106d1986 km y0chiy0120 ea | |
| 101 | 0 | @achi |
| 105 | @a z 000yy | |
| 200 | 1 | @a人体解剖彩色图谱@ARen Ti Jie Pou Cai Se Tu Pu@f郭光文,王序主编@FGuo Guang Wen,Wang Xu Zhu Bian |
| 210 | @a北京@c人民卫生出版社@d1986.12 | |
| 215 | @a264页@d26cm | |
| 300 | @a获第四届全国优秀科技图书一等奖 | |
| 606 | 0 | @a人体解剖学@x图谱 |
| 690 | @aR322-64@v3 | |
| 701 | 0 | @a郭光文@4主编 |
| 701 | 0 | @a王序@4主编 |
| 801 | @aCN@bPftUser@c20050106 | |
| 905 | @f1@b246720@dR322-64@e42 | |
| 人体解剖彩色图谱/郭光文,王序主编.-北京:人民卫生出版社,1986.12 |
| 264页;26cm |
| 获第四届全国优秀科技图书一等奖 |
| ISBN 7-117-00729-X(精装):CNY42.00 |
| ● |
| 相关链接 |
|
|
|
|
正题名:人体解剖彩色图谱
索取号:R322-64/42
 
预约/预借
| 序号 | 登录号 | 条形码 | 馆藏地/架位号 | 状态 | 备注 |
| 1 | 0226084 | 202101215 | 第二样本阅览室/ [索取号:R322-64/42] | 在馆 | |
| 2 | 0246720 | 000713632 | 第三借阅区/ [索取号:R322-64/42] | 在馆 |